|
|
|
|
| LEADER |
00000cam a2200000 c 4500 |
| 001 |
269118837 |
| 003 |
DE-627 |
| 005 |
20250122000839.0 |
| 007 |
tu |
| 008 |
990518s1891 xx ||||| 00| ||ger c |
| 035 |
|
|
|a (DE-627)269118837
|
| 035 |
|
|
|a (DE-576)9269118835
|
| 035 |
|
|
|a (DE-599)GBV269118837
|
| 035 |
|
|
|a (OCoLC)72784678
|
| 040 |
|
|
|a DE-627
|b ger
|c DE-627
|e rakwb
|
| 041 |
|
|
|a ger
|
| 044 |
|
|
|c XA-DXDE
|
| 100 |
1 |
|
|8 1\p
|0 (DE-588)1055099271
|0 (DE-627)793201160
|0 (DE-576)411169696
|4 aut
|a Vorberg, Max
|d 1838-1900
|
| 109 |
|
|
|a Vorberg, Max 1838-1900
|a Vorberg, Max O. 1838-1900
|a Vorberg, Max Otto 1838-1900
|
| 245 |
1 |
0 |
|a Oliver Cromwell
|c von Max Vorberg
|
| 264 |
|
1 |
|a Barmen
|b Klein
|c [1891]
|
| 300 |
|
|
|a 43 S
|
| 336 |
|
|
|a Text
|b txt
|2 rdacontent
|
| 337 |
|
|
|a ohne Hilfsmittel zu benutzen
|b n
|2 rdamedia
|
| 338 |
|
|
|a Band
|b nc
|2 rdacarrier
|
| 490 |
1 |
|
|a Für die Feste und Freunde des Gustav-Adolf-Vereins
|v 130
|
| 830 |
|
0 |
|a Für die Feste und Freunde des Gustav-Adolf-Vereins
|v 130
|9 13000
|w (DE-627)167655469
|w (DE-576)059411562
|w (DE-600)557012-8
|7 am
|
| 883 |
|
|
|8 1\p
|a cgwrk
|d 20241001
|q DE-101
|u https://d-nb.info/provenance/plan#cgwrk
|
| 935 |
|
|
|a FBGO
|a mteo
|
| 951 |
|
|
|a BO
|
| ELC |
|
|
|b 1
|
| LOK |
|
|
|0 000 xxxxxcx a22 zn 4500
|
| LOK |
|
|
|0 001 458281509X
|
| LOK |
|
|
|0 003 DE-627
|
| LOK |
|
|
|0 004 269118837
|
| LOK |
|
|
|0 005 20250127141408
|
| LOK |
|
|
|0 008 240924||||||||||||||||ger|||||||
|
| LOK |
|
|
|0 040
|a DE-Tue135
|c DE-627
|d DE-Tue135
|
| LOK |
|
|
|0 092
|o n
|
| LOK |
|
|
|0 852
|a DE-Tue135
|
| LOK |
|
|
|0 852 1
|9 00
|
| LOK |
|
|
|0 866
|x SPQUE#Forschungsbibliothek Gotha#SPSAM#Bestand Theologie (bis 2024-03)
|
| LOK |
|
|
|0 935
|a FBGO
|a goth
|
| LOK |
|
|
|0 939
|a 24-09-24
|b l01
|
| ORI |
|
|
|a SA-MARC-ixtheoa001.raw
|